00668nam a2200169 a 450000100060000000300090000600800410001504000280005608200150008410000340009924500430013326000310017630000080020750502340021565000270044965000220047622600CO-ViMGA141112s2004 ck r 000 u spa d aCO-ViMGAbspacCO-ViMGA04a863.6M654s1 aMolina Cañabate, Juan Pedro10aEl secreto de los buscadores de perlas aMadrid : bSiruela, c2002 a138 aLas dudas de nuestro señor 1 - 11 - - ¿donde están el principio y el fin? 19 - - El corazón de un esclavo 43 - - El monte Akal 63 - - El señor de las bestias 87 - - El secreto solo se puede escuchar en el corazón 125 14aHISTORIAS DE AVENTURAS14aNOVELA ESPAÑOLA